| Tag |
First Indicator |
Second Indicator |
Subfields |
| LEADER |
00000cam a2200000 a 4500 |
| 001 |
in00002787725 |
| 005 |
20211120170410.0 |
| 006 |
m o d |
| 007 |
cr ||||||||||| |
| 008 |
121031s2011 mdua o f000 0 spa c |
| 035 |
|
|
|a (OCoLC)ocn815531047
|
| 040 |
|
|
|a GPO
|b eng
|c GPO
|d OCLCQ
|d GPO
|d MvI
|
| 042 |
|
|
|a pcc
|
| 041 |
1 |
|
|a spa
|h eng
|
| 049 |
|
|
|a WWW
|
| 074 |
|
|
|a 0507-O-01 (online)
|
| 086 |
0 |
|
|a HE 20.3402:M 86/2011/SPAN.
|
| 130 |
0 |
|
|a Healthy mouth for your baby.
|l Spanish.
|
| 245 |
1 |
4 |
|a Una boca saludable para su bebé.
|
| 264 |
|
1 |
|a [Bethesda, Md.] :
|b Departamento de Salud y Servicios Humanos, Institutos Nacionales de la Salud,
|c [2011]
|
| 300 |
|
|
|a 1 online resource (12 unnumbered pages) :
|b illustrations.
|
| 336 |
|
|
|a text
|b txt
|2 rdacontent
|
| 337 |
|
|
|a computer
|b c
|2 rdamedia
|
| 338 |
|
|
|a online resource
|b cr
|2 rdacarrier
|
| 490 |
1 |
|
|a NIH publicación ;
|v no. 11-2884S
|
| 500 |
|
|
|a Title from PDF caption (viewed Oct. 31, 2012).
|
| 500 |
|
|
|a "National Institute of Dental and Craniofacial Research"--Page [12].
|
| 500 |
|
|
|a "Junio 2011"--Page [12].
|
| 650 |
|
0 |
|a Deciduous teeth
|x Care and hygiene.
|
| 650 |
|
0 |
|a Children
|x Dental care.
|
| 710 |
2 |
|
|a National Institute of Dental and Craniofacial Research (U.S.)
|
| 710 |
2 |
|
|a National Institutes of Health (U.S.)
|
| 830 |
|
0 |
|a NIH publication ;
|v no. 11-2884S.
|
| 856 |
4 |
0 |
|u https://purl.fdlp.gov/GPO/gpo30718
|t 0
|
| 999 |
f |
f |
|s 45c49203-57ac-339a-b8fa-2886e0c01c8f
|i 44014ba6-ca2f-3526-af18-5336709b40ee
|t 0
|
| 952 |
f |
f |
|a Texas A&M University
|b College Station
|c Electronic Resources
|d Available Online
|t 0
|e HE 20.3402:M 86/2011/SPAN.
|h Superintendent of Documents classification
|
| 998 |
f |
f |
|a HE 20.3402:M 86/2011/SPAN.
|t 0
|l Available Online
|